Państwa na literę B - Statystyki

Ogólne statystyki
  • Ten quiz został rozwiązany 84 razy
  • Średni wynik to 12 z 17
Statystyki odpowiedzi
Kontynent Państwo % Poprawnych
Europa Belgia
95%
Ameryka Południowa Brazylia
86%
Europa Białoruś
83%
Europa Bułgaria
78%
Ameryka Południowa Boliwia
76%
Europa Bośnia
73%
Azja Bangladesz
72%
Ameryka Północna Bahamy
71%
Azja Bahrajn
69%
Ameryka Północna Belize
69%
Ameryka Północna Barbados
67%
Azja Bhutan
62%
Afryka Botswana
62%
Afryka Benin
60%
Afryka Burkina Faso
58%
Azja Brunei
55%
Afryka Burundi
42%
Nie znaleziono quizów pasujących do podanych kryteriów
Rozkład punktacji
Procent ludzi z każdym wynikiem
Percentyl według liczby udzielonych odpowiedzi
Twoja historia wyników
Nie rozwiązałeś tego quizu